[Event "Kavala op 18th"]
[Site "Kavala"]
[Date "2009.08.05"]
[Round "6"]
[White "Aznaouridis, Sokratis Panagiot"]
[Black "Hrisomalis, Theodoros"]
[Result "1-0"]
[WhiteElo "1893"]
[BlackElo "1998"]
[PlyCount "129"]
[EventDate "2009.08.01"]
[EventType "swiss"]
[EventRounds "9"]
[EventCountry "GRE"]
[SourceTitle "CBM 131 Extra"]
[Source "ChessBase"]
[SourceDate "2009.09.03"]
[SourceVersion "2"]
[SourceVersionDate "2009.09.16"]
[SourceQuality "1"]

1. e4 e5 2. Nf3 Nc6 3. c3 Be7 4. d4 d6 5. Bd3 Nf6 6. h3 O-O 7. O-O exd4 8. cxd4
Nb4 9. Nc3 Nxd3 10. Qxd3 h6 11. Bf4 g5 12. Bh2 c6 13. Nd2 Nh7 14. d5 c5 15. f4
gxf4 16. Bxf4 Bg5 17. Qg3 Kh8 18. Nc4 Bh4 19. Qh2 Be7 20. Bxd6 f6 21. e5 Rg8
22. e6 a6 23. Rae1 b5 24. Bxe7 Qxe7 25. Nb6 Ra7 26. Nxc8 Rxc8 27. d6 Qg7 28. d7
Rxd7 29. exd7 Qxd7 30. Qf4 Qg7 31. Qg4 Qf8 32. Qe6 Rd8 33. Qxa6 b4 34. Ne4 f5
35. Ng3 f4 36. Ne2 Rd6 37. Qc4 Qg7 38. Qxf4 Rd8 39. Qg3 Qxb2 40. Nf4 Ng5 41.
Ng6+ Kg8 42. Ne7+ Kh8 43. Qe5+ Qxe5 44. Rxe5 c4 45. Nc6 Rg8 46. Kh2 b3 47. axb3
cxb3 48. Rb5 Ne4 49. Re1 Nd2 50. Nd4 Rf8 51. Nxb3 Nf1+ 52. Kg1 Ng3 53. Rb6 h5
54. Nd2 Rd8 55. Nf3 Ra8 56. Kh2 Nf5 57. Re5 Rf8 58. Rbe6 Ng7 59. Re7 h4 60.
Nxh4 Ra8 61. Nf5 Ra1 62. Nxg7 Kg8 63. Nh5 Kf8 64. Rc7 Rd1 65. Rb5 1-0

[Event "Major Open"]
[Site "Torquay"]
[Date "2009.08.04"]
[Round "8.48"]
[White "McCullough, Simon L"]
[Black "Johnson, Paul A"]
[Result "1-0"]
[WhiteElo "1955"]
[BlackElo "1836"]
[PlyCount "75"]
[EventDate "2009.07.27"]
[EventRounds "11"]
[EventCountry "ENG"]
[SourceTitle "OM OTB B 201907"]
[Source "Opening Master"]
[SourceDate "2019.07.06"]
[SourceVersion "2"]
[SourceVersionDate "2019.07.06"]
[SourceQuality "1"]

1. e4 e5 2. Nf3 Nc6 3. c3 d5 4. Qa4 dxe4 5. Nxe5 Bd7 6. Nxd7 Qxd7 7. Qxe4+ Be7
8. Bb5 Nf6 9. Bxc6 bxc6 10. Qe2 O-O 11. O-O Rfe8 12. Qf3 Bd6 13. d4 Re6 14. Bf4
Rae8 15. Nd2 Nd5 16. Bxd6 cxd6 17. Qg4 Nf6 18. Qh3 R8e7 19. Nf3 Qe8 20. Nh4 Re2
21. Nf5 R7e6 22. Qg3 Qf8 23. d5 R6e5 24. Nd4 Rxb2 25. dxc6 Qe7 26. f4 Re4 27.
Nf5 Qf8 28. Rae1 Rb8 29. Rxe4 Nxe4 30. Qd3 g6 31. Qxe4 gxf5 32. Qxf5 Rc8 33.
Rf3 Qe8 34. Qg5+ Kf8 35. Qh6+ Ke7 36. Re3+ Kd8 37. Rxe8+ Kxe8 38. Qxd6 1-0

[Event "Kiel op 22nd"]
[Site "Kiel"]
[Date "2009.08.04"]
[Round "6"]
[White "Ghadimi, Mohammed Reza"]
[Black "Boetticher, Tim"]
[Result "1-0"]
[WhiteElo "2115"]
[BlackElo "1665"]
[PlyCount "69"]
[EventDate "2009.08.01"]
[EventType "swiss"]
[EventRounds "7"]
[EventCountry "GER"]
[SourceTitle "EXT 2010"]
[Source "ChessBase"]
[SourceDate "2009.11.30"]
[SourceVersion "1"]
[SourceVersionDate "2009.11.30"]
[SourceQuality "1"]

1. e4 e5 2. Nf3 Nc6 3. c3 Nf6 4. d4 d6 5. dxe5 dxe5 6. Qc2 Be7 7. Bb5 Bd7 8.
O-O O-O 9. Re1 Nb8 10. Bc4 Bd6 11. Bg5 Bg4 12. Nbd2 Nbd7 13. h3 Bh5 14. g4 Bg6
15. Nf1 Nc5 16. Ng3 Ne6 17. Bxe6 fxe6 18. Kg2 Qe8 19. Qe2 Nd7 20. Rad1 Be7 21.
Bc1 Bc5 22. b4 Bb6 23. c4 c6 24. c5 Bc7 25. h4 h6 26. h5 Bh7 27. g5 hxg5 28.
Nxg5 b6 29. Rh1 bxc5 30. h6 g6 31. Qc4 Rf6 32. bxc5 Qe7 33. Be3 Rb8 34. a4 Kh8
35. Qa6 1-0

[Event "FIDE OPEN TÁBOR 2009"]
[Site "Tabor"]
[Date "2009.08.04"]
[Round "4.30"]
[White "Kopecky, Jiri"]
[Black "Skalicky, Tomas"]
[Result "1/2-1/2"]
[WhiteElo "2018"]
[BlackElo "1607"]
[PlyCount "80"]
[EventDate "2009.08.02"]
[EventCountry "CZE"]
[SourceTitle "OM OTB B 201907"]
[Source "Opening Master"]
[SourceDate "2019.07.06"]
[SourceVersion "2"]
[SourceVersionDate "2019.07.06"]
[SourceQuality "1"]

1. e4 e5 2. Nf3 Nc6 3. c3 Nf6 4. d4 exd4 5. e5 Nd5 6. cxd4 d6 7. Bc4 Nb6 8. Bb3
dxe5 9. dxe5 Qxd1+ 10. Bxd1 Bf5 11. O-O Be7 12. Nc3 O-O-O 13. Bb3 Bd3 14. Re1
Bc4 15. Bxc4 Nxc4 16. b3 Bb4 17. Bg5 Rd3 18. Red1 Rxc3 19. bxc4 Rxc4 20. Rac1
Rxc1 21. Rxc1 Ba3 22. Rc2 Re8 23. Bf4 h6 24. h4 Rd8 25. Bd2 Nd4 26. Nxd4 Rxd4
27. f4 Kd7 28. Kf2 c5 29. g4 Ke6 30. Be3 Rd5 31. Kf3 b6 32. Ke4 Rd1 33. f5+ Ke7
34. f6+ gxf6 35. exf6+ Kxf6 36. Bxh6 Rd4+ 37. Kf3 Bb4 38. Be3 Rd1 39. h5 Rd8
40. Bc1 Rd3+ 1/2-1/2

[Event "GER-ch Seniors"]
[Site "Dresden"]
[Date "2009.08.04"]
[Round "3"]
[White "Goldinger, Josef"]
[Black "Gerstenberg, Lutz"]
[Result "0-1"]
[WhiteElo "2009"]
[BlackElo "1862"]
[PlyCount "110"]
[EventDate "2009.08.03"]
[EventType "swiss"]
[EventRounds "9"]
[EventCountry "GER"]
[SourceTitle "CBM 131 Extra"]
[Source "ChessBase"]
[SourceDate "2009.09.03"]
[SourceVersion "2"]
[SourceVersionDate "2009.09.16"]
[SourceQuality "1"]

1. e4 e5 2. Nf3 Nc6 3. c3 d6 4. d4 Bg4 5. Bb5 a6 6. Bxc6+ bxc6 7. Qa4 Qd7 8.
Nbd2 exd4 9. cxd4 Ne7 10. O-O Nc8 11. h3 Nb6 12. Qc2 Bh5 13. g4 Bg6 14. Nh4 Be7
15. Nxg6 hxg6 16. Kg2 O-O-O 17. Qd3 Kb7 18. a4 d5 19. e5 c5 20. dxc5 Bxc5 21.
a5 Nc8 22. Nb3 Qc6 23. f3 Ba7 24. Nd4 Bxd4 25. Qxd4 Qc4 26. Be3 Qxd4 27. Bxd4
Ne7 28. f4 Nc6 29. Bc5 d4 30. b4 Rd5 31. Rfd1 d3 32. Rd2 Nd8 33. Rad1 Ne6 34.
Be3 Rhd8 35. Kf3 Rh8 36. Rh1 Rhd8 37. f5 gxf5 38. gxf5 Nd4+ 39. Bxd4 Rxd4 40.
Ke3 R4d5 41. Ke4 Rb5 42. Rb1 Rdd5 43. e6 fxe6 44. fxe6 Re5+ 45. Kxd3 Rxe6 46.
Rb3 Rd5+ 47. Kc2 Rc6+ 48. Rc3 Rxc3+ 49. Kxc3 Rxd2 50. Kxd2 Kc6 51. Kd3 Kb5 52.
Kc3 c5 53. bxc5 Kxc5 54. h4 Kb5 55. h5 Kxa5 0-1

[Event "GER-ch Seniors"]
[Site "Dresden"]
[Date "2009.08.04"]
[Round "3"]
[White "Kirmas, Joachim"]
[Black "Kreutzkamp, Hans Rudolf"]
[Result "1/2-1/2"]
[WhiteElo "2124"]
[BlackElo "2215"]
[PlyCount "47"]
[EventDate "2009.08.03"]
[EventType "swiss"]
[EventRounds "9"]
[EventCountry "GER"]
[SourceTitle "CBM 131 Extra"]
[Source "ChessBase"]
[SourceDate "2009.09.03"]
[SourceVersion "2"]
[SourceVersionDate "2009.09.16"]
[SourceQuality "1"]

1. e4 e5 2. Nf3 Nc6 3. c3 d5 4. Qa4 dxe4 5. Nxe5 Qd5 6. Nxc6 bxc6 7. Bc4 Qd7 8.
O-O Nf6 9. Re1 Be7 10. d3 exd3 11. Bxd3 O-O 12. Qc2 Rd8 13. Be2 Rb8 14. Nd2 c5
15. Bf3 Ba6 16. c4 Re8 17. b3 Bb7 18. Bb2 Bxf3 19. Nxf3 Rb6 20. Ng5 h6 21. Rad1
Rd6 22. Bxf6 hxg5 23. Rxd6 cxd6 24. Rxe7 1/2-1/2

[Event "Enschede op-B U16"]
[Site "Enschede"]
[Date "2009.08.04"]
[Round "2"]
[White "Van Osch, Mees"]
[Black "Gunther, Marcella"]
[Result "1-0"]
[WhiteElo "1776"]
[BlackElo "1889"]
[PlyCount "73"]
[EventDate "2009.08.03"]
[EventType "swiss"]
[EventRounds "9"]
[EventCountry "NED"]
[SourceTitle "CBM 132 Extra"]
[Source "ChessBase"]
[SourceDate "2009.11.03"]
[SourceVersion "1"]
[SourceVersionDate "2009.11.03"]
[SourceQuality "1"]

1. e4 e5 2. Nf3 Nc6 3. c3 Nf6 4. d4 exd4 5. e5 Nd5 6. cxd4 d6 7. Bb5 Be7 8. Nc3
Nxc3 9. bxc3 O-O 10. O-O Bg4 11. Bxc6 bxc6 12. Re1 d5 13. Qd3 c5 14. h3 Be6 15.
Nh2 Qd7 16. Qg3 Kh8 17. h4 cxd4 18. cxd4 c5 19. Nf3 h6 20. Ba3 c4 21. Bxe7 Qxe7
22. Qf4 Rab8 23. g4 Qd7 24. g5 h5 25. Qg3 Bf5 26. e6 fxe6 27. Ne5 Qa4 28. g6
Rb2 29. Qg5 Kg8 30. Qxh5 Bxg6 31. Qxg6 Rfxf2 32. Qxe6+ Kh7 33. Qg6+ Kg8 34. Ng4
Rfe2 35. Rxe2 Rxe2 36. Rf1 Qc2 37. Nh6+ 1-0

[Event "4. LSS No Engine Cup Preliminary 6"]
[Site "Lechenicher SchachServer"]
[Date "2009.08.04"]
[Round "?"]
[White "Segovia, Didier"]
[Black "Pott, Brian"]
[Result "0-1"]
[WhiteElo "476"]
[BlackElo "1742"]
[PlyCount "44"]
[EventDate "2009.08.05"]

1. e4 e5 2. Nf3 Nc6 3. c3 Nf6 4. d3 g6 5. Bg5 Bg7 6. Be2 O-O 7. O-O h6 8. Bh4
d6 9. Nbd2 Qe8 10. Qc2 Nh5 11. b4 f5 12. exf5 Bxf5 13. Ne4 Nf4 14. b5 Nd8 15.
a4 d5 16. Nc5 b6 17. Na6 e4 18. Nxc7 Qf7 19. Nxa8 exd3 20. Bxd3 Bxd3 21. Qd2
Bxc3 22. Qxc3 Ne2+ 0-1

[Event "4. LSS No Engine Cup Preliminary 6"]
[Site "Lechenicher SchachServer"]
[Date "2009.08.04"]
[Round "?"]
[White "Segovia, Didier"]
[Black "Feng, Jason"]
[Result "0-1"]
[WhiteElo "476"]
[BlackElo "816"]
[PlyCount "23"]
[EventDate "2009.08.05"]

1. e4 e5 2. Nf3 Nc6 3. c3 d5 4. Bb5 dxe4 5. Nxe5 Bd7 6. Nxd7 Qxd7 7. O-O Nf6 8.
d4 exd3 9. Nd2 Ne4 10. c4 Rg8 11. Bxc6 bxc6 12. Re1 {Rxd2} 0-1

[Event "Major Open"]
[Site "Torquay"]
[Date "2009.08.03"]
[Round "7.61"]
[White "Stayt, Jim"]
[Black "Maroroa, Sue Yuchan"]
[Result "1/2-1/2"]
[WhiteElo "2018"]
[BlackElo "1920"]
[PlyCount "76"]
[EventDate "2009.07.27"]
[EventRounds "11"]
[EventCountry "ENG"]
[SourceTitle "OM OTB B 201907"]
[Source "Opening Master"]
[SourceDate "2019.07.06"]
[SourceVersion "2"]
[SourceVersionDate "2019.07.06"]
[SourceQuality "1"]

1. e4 e5 2. Nf3 Nc6 3. c3 Nf6 4. d4 d6 5. d5 Ne7 6. Qc2 Ng6 7. g3 Be7 8. c4 h5
9. h4 c6 10. Nc3 Bg4 11. Be2 Qd7 12. Ng5 Bxe2 13. Qxe2 Bd8 14. f3 Ba5 15. Bd2
a6 16. Qd3 Rc8 17. Ke2 cxd5 18. cxd5 Ke7 19. Rac1 Rc7 20. Nb1 Bxd2 21. Kxd2
Rhc8 22. Rc3 Qa4 23. a3 Qa5 24. Rhc1 Ne8 25. Ke2 Rxc3 26. Rxc3 Rxc3 27. Qxc3
Qb5+ 28. Kf2 Qb6+ 29. Kg2 Nc7 30. a4 Nf8 31. Nd2 f6 32. Nh3 Nd7 33. Nf2 Qc5 34.
Qxc5 Nxc5 35. b3 b5 36. axb5 axb5 37. b4 Na4 38. Nd3 Nb6 1/2-1/2

[Event "Vlissingen HZ op 13th"]
[Site "Vlissingen"]
[Date "2009.08.01"]
[Round "1"]
[White "Duinmaijer, Martin"]
[Black "Shyam, Sundar M"]
[Result "0-1"]
[WhiteElo "1894"]
[BlackElo "2415"]
[PlyCount "40"]
[EventDate "2009.08.01"]
[EventType "swiss"]
[EventRounds "9"]
[EventCountry "NED"]
[SourceTitle "CBM 131 Extra"]
[Source "ChessBase"]
[SourceDate "2009.09.03"]
[SourceVersion "2"]
[SourceVersionDate "2009.09.16"]
[SourceQuality "1"]

1. e4 e5 2. Nf3 Nc6 3. c3 d5 4. Qa4 dxe4 5. Nxe5 Qd5 6. Nxc6 bxc6 7. Bc4 Qd6 8.
Qb3 Qg6 9. O-O Bd6 10. Re1 Ne7 11. d3 exd3 12. Be3 O-O 13. Nd2 Bh3 14. g3 Rab8
15. Qd1 Rxb2 16. Bb3 Nf5 17. Ne4 Nxe3 18. Rxe3 Bf4 19. Rxd3 Qxe4 20. f3 Qe3+
0-1

[Event "CRO-ch U17"]
[Site "Bjelolasica"]
[Date "2009.07.31"]
[Round "8"]
[White "Samardzic, Nikola"]
[Black "Monjac, Mislav"]
[Result "0-1"]
[WhiteElo "1695"]
[BlackElo "1827"]
[PlyCount "42"]
[EventDate "2009.07.26"]
[EventType "swiss"]
[EventRounds "9"]
[EventCountry "CRO"]
[SourceTitle "CBM 131 Extra"]
[Source "ChessBase"]
[SourceDate "2009.09.03"]
[SourceVersion "2"]
[SourceVersionDate "2009.09.16"]
[SourceQuality "1"]

1. e4 e5 2. Nf3 Nc6 3. c3 d5 4. Qa4 Nf6 5. Nxe5 Bd6 6. Nxc6 bxc6 7. exd5 O-O 8.
Be2 Re8 9. dxc6 Qe7 10. Qd1 Bf5 11. d3 Nd5 12. a3 Bf4 13. c4 Bxc1 14. cxd5 Bg4
15. f3 Bxf3 16. O-O Bxe2 17. Qxc1 Bxf1 18. Qxf1 Rab8 19. b4 Qe5 20. Nd2 Qxd5
21. Qf3 Qd4+ 0-1

[Event "Pardubice Czech op-A"]
[Site "Pardubice"]
[Date "2009.07.30"]
[Round "7"]
[White "Biolek, Richard Jr"]
[Black "Jirka, Jiri"]
[Result "1-0"]
[WhiteElo "2361"]
[BlackElo "2440"]
[PlyCount "69"]
[EventDate "2009.07.24"]
[EventType "swiss"]
[EventRounds "9"]
[EventCountry "CZE"]
[SourceTitle "CBM 131 Extra"]
[Source "ChessBase"]
[SourceDate "2009.09.03"]
[SourceVersion "2"]
[SourceVersionDate "2009.09.16"]
[SourceQuality "1"]

1. e4 e5 2. Nf3 Nc6 3. c3 Nf6 4. d4 Nxe4 5. d5 Ne7 6. Nxe5 Ng6 7. Qd4 Nf6 8.
Nxg6 hxg6 9. Be3 Rh5 10. c4 Bb4+ 11. Nc3 d6 12. O-O-O Bc5 13. Qd2 Bxe3 14.
Qxe3+ Re5 15. Qd4 Bd7 16. Bd3 Kf8 17. f3 Qe7 18. h4 b6 19. g4 Re8 20. Rdg1 c5
21. Qf4 b5 22. h5 gxh5 23. g5 Ng8 24. cxb5 f5 25. Rxh5 g6 26. Rhh1 Rc8 27. Kd2
Be8 28. Bc4 Bf7 29. Rh8 Re8 30. Qh2 Rd8 31. b6 Rb8 32. Qh6+ Ke8 33. Qg7 Qf8 34.
Bb5+ Ke7 35. Rxg8 1-0

[Event "Vellmar op 1st"]
[Site "Vellmar"]
[Date "2009.07.30"]
[Round "1"]
[White "Kaiser, Joachim"]
[Black "Breiter, Juergen"]
[Result "1-0"]
[WhiteElo "1675"]
[BlackElo "1353"]
[PlyCount "67"]
[EventDate "2009.07.30"]
[EventType "swiss"]
[EventRounds "7"]
[EventCountry "GER"]
[SourceTitle "OM OTB B 201907"]
[Source "Opening Master"]
[SourceDate "2019.07.06"]
[SourceVersion "2"]
[SourceVersionDate "2019.07.06"]
[SourceQuality "1"]

1. e4 e5 2. Nf3 Nc6 3. c3 Nf6 4. d4 exd4 5. e5 Nd5 6. cxd4 Bb4+ 7. Nbd2 O-O 8.
a3 Be7 9. Bc4 Nb6 10. O-O Nxc4 11. Nxc4 b5 12. Ne3 a6 13. b4 Bb7 14. d5 Na7 15.
Nf5 d6 16. Bb2 f6 17. e6 c6 18. Ne3 cxd5 19. Nxd5 Bxd5 20. Qxd5 Rc8 21. Rac1
Rxc1 22. Rxc1 Qb6 23. Bd4 Qb8 24. Nh4 Rc8 25. Re1 Nc6 26. Bb2 Kf8 27. Qh5 Kg8
28. Qf7+ Kh8 29. Nf5 Bf8 30. e7 Nxe7 31. Nxe7 Bxe7 32. Rxe7 Rg8 33. Bxf6 Qc8
34. Bxg7+ 1-0

[Event "Dresden ZMD op"]
[Site "Dresden"]
[Date "2009.07.27"]
[Round "3"]
[White "Heberla, Bartlomiej"]
[Black "Gutt, Oswald"]
[Result "1-0"]
[WhiteElo "2536"]
[BlackElo "2059"]
[PlyCount "66"]
[EventDate "2009.07.25"]
[EventType "swiss"]
[EventRounds "9"]
[EventCountry "GER"]
[SourceTitle "CBM 131 Extra"]
[Source "ChessBase"]
[SourceDate "2009.09.03"]
[SourceVersion "2"]
[SourceVersionDate "2009.09.16"]
[SourceQuality "1"]

1. e4 e5 2. Nf3 Nc6 3. c3 d5 4. Qa4 dxe4 5. Nxe5 Qd5 6. Nxc6 bxc6 7. Bc4 Qd6 8.
d3 Bd7 9. dxe4 Nf6 10. Qb3 Be6 11. Bxe6 fxe6 12. Qc4 Rd8 13. O-O Ng4 14. g3 Ne5
15. Qe2 h5 16. Bf4 Qd3 17. Qxd3 Nxd3 18. Be3 Nxb2 19. Nd2 Bc5 20. Bxc5 Rxd2 21.
Bxa7 O-O 22. Be3 Rd3 23. Rfb1 Nc4 24. Bc5 Rfd8 25. Rb7 h4 26. Kg2 hxg3 27. hxg3
Nd2 28. Rxc7 Rxc3 29. Be3 Nxe4 30. Rb1 Nf6 31. Rbb7 Ne8 32. Re7 c5 33. Rxe6 Nd6
1-0

[Event "Pardubice Czech op-A"]
[Site "Pardubice"]
[Date "2009.07.26"]
[Round "3"]
[White "Mishin, Alexei"]
[Black "Netzer, Jacques"]
[Result "1/2-1/2"]
[WhiteElo "2323"]
[BlackElo "2147"]
[PlyCount "87"]
[EventDate "2009.07.24"]
[EventType "swiss"]
[EventRounds "9"]
[EventCountry "CZE"]
[SourceTitle "CBM 131 Extra"]
[Source "ChessBase"]
[SourceDate "2009.09.03"]
[SourceVersion "2"]
[SourceVersionDate "2009.09.16"]
[SourceQuality "1"]

1. e4 e5 2. Nf3 Nc6 3. c3 Nf6 4. d4 Nxe4 5. d5 Ne7 6. Nxe5 Ng6 7. Qe2 Qe7 8.
Nxg6 hxg6 9. Bf4 Rh5 10. g4 Rxd5 11. Bg2 Nf6 12. Qxe7+ Bxe7 13. Bxd5 Nxd5 14.
Bg3 f5 15. Be5 d6 16. Bxg7 Kf7 17. Bd4 c5 18. Be3 f4 19. Bd2 Bxg4 20. c4 Nb4
21. Bxb4 cxb4 22. f3 Bxf3 23. Rf1 Bc6 24. Rxf4+ Kg7 25. a3 Rh8 26. axb4 Rxh2
27. b5 Bh1 28. Nd2 d5 29. Rxa7 dxc4 30. Nf3 Bb4+ 31. Kf1 Bxf3 32. Rxf3 Rxb2 33.
Rxb7+ Kh6 34. Rh3+ Kg5 35. Rg3+ Kf6 36. Rc7 c3 37. b6 c2 38. Rc6+ Ke7 39. Re3+
Kd7 40. Rc7+ Kd6 41. Rd3+ Ke5 42. b7 Bd6 43. Rxc2 Rxc2 44. Rxd6 1/2-1/2

[Event "Abaza op"]
[Site "Abaza"]
[Date "2009.07.25"]
[Round "9"]
[White "Sergeev, Albert"]
[Black "Mokhov, Vladimir"]
[Result "1-0"]
[WhiteElo "2342"]
[BlackElo "2197"]
[PlyCount "65"]
[EventDate "2009.07.17"]
[EventType "swiss"]
[EventRounds "9"]
[EventCountry "RUS"]
[SourceTitle "EXT 2012"]
[Source "ChessBase"]
[SourceDate "2011.11.24"]
[SourceVersion "1"]
[SourceVersionDate "2011.11.24"]
[SourceQuality "1"]

1. e4 e5 2. Nf3 Nc6 3. c3 Nf6 4. d4 Nxe4 5. d5 Nb8 6. Nxe5 Qe7 7. Qd4 f6 8.
Qxe4 Qxe5 9. Qxe5+ fxe5 10. Nd2 Be7 11. Ne4 d6 12. Be3 Nd7 13. c4 Nf6 14. Bd3
Nxe4 15. Bxe4 g6 16. f3 Bf5 17. Ke2 Bxe4 18. fxe4 Rf8 19. Rhf1 Rxf1 20. Rxf1 c5
21. g4 a6 22. Rf3 b5 23. Rh3 bxc4 24. Rxh7 Rb8 25. Rh8+ Bf8 26. Bh6 Rxb2+ 27.
Kd1 Rxh2 28. Rxf8+ Ke7 29. Rh8 Rg2 30. Bf8+ Kd7 31. Rh7+ Kc8 32. Bxd6 Rxg4 33.
Bxc5 1-0

[Event "Galapagar op 10th"]
[Site "Galapagar"]
[Date "2009.07.23"]
[Round "6"]
[White "Perez Gonzalez, Jose Manuel"]
[Black "Castano Vanegas, Henry Augusto"]
[Result "0-1"]
[WhiteElo "2307"]
[BlackElo "2237"]
[PlyCount "56"]
[EventDate "2009.07.18"]
[EventType "swiss"]
[EventRounds "9"]
[EventCountry "ESP"]
[SourceTitle "EXT 2010"]
[Source "ChessBase"]
[SourceDate "2009.11.30"]
[SourceVersion "1"]
[SourceVersionDate "2009.11.30"]
[SourceQuality "1"]

1. e4 e5 2. Nf3 Nc6 3. c3 d5 4. Qa4 Bd7 5. exd5 Nd4 6. Qd1 Nxf3+ 7. Qxf3 Nf6 8.
Bc4 e4 9. Qe3 Bd6 10. d3 O-O 11. h3 b5 12. Bb3 exd3 13. Qxd3 c5 14. c4 Re8+ 15.
Be3 bxc4 16. Bxc4 Nh5 17. Nc3 Nf4 18. Qf1 Nxg2+ 19. Qxg2 Qh4 20. Be2 Rxe3 21.
O-O-O Rxc3+ 22. bxc3 Bf4+ 23. Kb2 Rb8+ 24. Kc2 Ba4+ 25. Kd3 c4+ 26. Ke4 Re8+
27. Kf3 Qf6 28. Qg4 Be3+ 0-1

[Event "Rennes op 2nd"]
[Site "Rennes"]
[Date "2009.07.22"]
[Round "8"]
[White "Corentin, Louis"]
[Black "Bauer, Eric"]
[Result "1-0"]
[WhiteElo "1737"]
[BlackElo "1499"]
[PlyCount "49"]
[EventDate "2009.07.15"]
[EventType "swiss"]
[EventRounds "9"]
[EventCountry "FRA"]
[SourceTitle "EXT 2011"]
[Source "ChessBase"]
[SourceDate "2010.11.26"]
[SourceVersion "1"]
[SourceVersionDate "2010.11.26"]
[SourceQuality "1"]

1. e4 e5 2. Nf3 Nc6 3. c3 Nf6 4. d4 exd4 5. e5 Nd5 6. cxd4 Bb4+ 7. Bd2 O-O 8.
Nc3 Nb6 9. Bd3 g6 10. Ne4 Be7 11. h4 d5 12. Neg5 Bg4 13. Nxh7 Re8 14. h5 Nxd4
15. hxg6 f5 16. exf6 Bxf6+ 17. Kf1 Bg7 18. Bg5 Qd6 19. Rh4 Bf5 20. Nxd4 Bxg6
21. Nf5 Bxf5 22. Bxf5 Re5 23. Qg4 Rxf5 24. Qxf5 Nd7 25. Re1 1-0

[Event "Rennes op 2nd"]
[Site "Rennes"]
[Date "2009.07.20"]
[Round "6"]
[White "Mladenov, Plamen"]
[Black "Bratanov, Zsivko"]
[Result "1/2-1/2"]
[WhiteElo "2362"]
[BlackElo "2456"]
[PlyCount "62"]
[EventDate "2009.07.15"]
[EventType "swiss"]
[EventRounds "9"]
[EventCountry "FRA"]
[SourceTitle "EXT 2011"]
[Source "ChessBase"]
[SourceDate "2010.11.26"]
[SourceVersion "1"]
[SourceVersionDate "2010.11.26"]
[SourceQuality "1"]

1. e4 e5 2. Nf3 Nc6 3. c3 Nf6 4. d3 d5 5. Nbd2 a5 6. Be2 Bc5 7. O-O O-O 8. Qc2
Re8 9. b3 Ba7 10. Bb2 dxe4 11. dxe4 Nh5 12. Rfd1 Nf4 13. Nf1 Qf6 14. Bc1 Bg4
15. Ne3 Bxe3 16. Bxe3 Qg6 17. Bxf4 Bxf3 18. Bxf3 exf4 19. Qd2 Qf6 20. e5 Rxe5
21. Bxc6 bxc6 22. Re1 Rd5 23. Qe2 g6 24. c4 Rd7 25. Qe5 Qh4 26. Rad1 Rxd1 27.
Rxd1 a4 28. Qxc7 axb3 29. axb3 Qf6 30. h3 f3 31. Qd6 Qxd6 1/2-1/2

[Event "Barcelona La Lira-C 12th"]
[Site "Barcelona"]
[Date "2009.07.20"]
[Round "3"]
[White "Delisau Gil, Oriol"]
[Black "Andinach Carrasco, Javier"]
[Result "1/2-1/2"]
[WhiteElo "1630"]
[BlackElo "1888"]
[PlyCount "54"]
[EventDate "2009.07.18"]
[EventType "tourn"]
[EventRounds "9"]
[EventCountry "ESP"]
[SourceTitle "EXT 2011"]
[Source "ChessBase"]
[SourceDate "2010.11.26"]
[SourceVersion "1"]
[SourceVersionDate "2010.11.26"]
[SourceQuality "1"]

1. e4 e5 2. Nf3 Nc6 3. c3 d5 4. Qa4 Bd7 5. exd5 Nd4 6. Qd1 Nxf3+ 7. Qxf3 Nf6 8.
Bc4 Bd6 9. d3 Qe7 10. Bg5 O-O-O 11. Nd2 h6 12. Bxf6 gxf6 13. Ne4 f5 14. Nxd6+
Qxd6 15. Qe3 Kb8 16. O-O-O b5 17. Bb3 b4 18. c4 a5 19. c5 Qa6 20. c6 Bc8 21.
Qc5 Rhg8 22. Bc4 Qa7 23. Qxa7+ Kxa7 24. g3 Rg4 25. Rde1 f6 26. Rhf1 Rd4 27. b3
Re8 1/2-1/2

[Event "Senta op-B 13th"]
[Site "Senta"]
[Date "2009.07.19"]
[Round "3"]
[White "Pacal, Mihaly"]
[Black "Agoston, Aron"]
[Result "1/2-1/2"]
[WhiteElo "2152"]
[BlackElo "1980"]
[PlyCount "23"]
[EventDate "2009.07.18"]
[EventType "swiss"]
[EventRounds "9"]
[EventCountry "YUG"]
[SourceTitle "EXT 2012"]
[Source "ChessBase"]
[SourceDate "2011.11.24"]
[SourceVersion "1"]
[SourceVersionDate "2011.11.24"]
[SourceQuality "1"]

1. e4 e5 2. Nf3 Nc6 3. c3 Nf6 4. d4 exd4 5. e5 Ne4 6. Qe2 f5 7. exf6 d5 8. Nbd2
Qxf6 9. Nxe4 dxe4 10. Qxe4+ Qe6 11. Bd3 dxc3 12. bxc3 1/2-1/2

[Event "FICS rated standard game"]
[Site "FICS freechess.org"]
[Date "2009.07.19"]
[Round "?"]
[White "tentacle"]
[Black "bcpftw"]
[Result "0-1"]
[WhiteElo "2313"]
[BlackElo "2627"]
[PlyCount "160"]
[EventDate "2009.??.??"]
[SourceTitle "OM Portal C 201906"]
[Source "Opening Master"]
[SourceDate "2019.06.27"]
[SourceVersion "1"]
[SourceVersionDate "2019.06.27"]
[SourceQuality "1"]

1. e4 e5 2. Nf3 Nc6 3. c3 d5 4. Qa4 f6 5. Bb5 Nge7 6. d3 a6 7. exd5 Bf5 8.
Bxc6+ bxc6 9. d4 e4 10. Nfd2 Qxd5 11. O-O Kf7 12. Re1 Ng6 13. Nf1 Bd7 14. c4
Qe6 15. c5 f5 16. f3 Be7 17. fxe4 f4 18. Nfd2 Rhf8 19. Nc3 Nh4 20. Rf1 g5 21.
Nf3 Nxf3+ 22. Rxf3 a5 23. Rf1 Rfb8 24. g3 Kg7 25. gxf4 Qg4+ 26. Kh1 Qh3 27. Rf2
Rb4 28. Qc2 Bg4 29. Ne2 Rf8 30. a3 Rb3 31. f5 Bf3+ 32. Kg1 Qg4+ 33. Ng3 a4 34.
e5 Be4 35. f6+ Bxf6 36. exf6+ Rxf6 37. Bxg5 Bxc2 38. Bxf6+ Kg6 39. Be5 Be4 40.
Raf1 Kg5 41. Bxc7 Rf3 42. Rxf3 Bxf3 43. Kf2 Bd5 44. Ke3 Qh3 45. Rf2 h5 46. Kd2
h4 47. Bd8+ Kg6 48. Nf5 Qb3 49. Ke1 Kh5 50. Rf4 Bc4 51. d5 Qc2 52. Rxh4+ Kg6
53. Ne7+ Kf7 54. Rxc4 Qxc4 55. d6 Qxc5 56. Bc7 Qc1+ 57. Ke2 Qxb2+ 58. Ke1 Qxh2
59. Nc8 Qe5+ 60. Kd2 Qd4+ 61. Kc2 Qc4+ 62. Kd2 Qa2+ 63. Kd1 Qxa3 64. Kd2 Qb4+
65. Kd3 Qb5+ 66. Kd2 Qd5+ 67. Kc2 Qg2+ 68. Kd3 a3 69. d7 Qd5+ 70. Kc2 Qxd7 71.
Nd6+ Ke6 72. Kb3 Kd5 73. Kxa3 Qxc7 74. Nf5 Qb6 75. Nd6 Kxd6 76. Ka2 c5 77. Ka1
c4 78. Ka2 Qb8 79. Ka1 c3 80. Ka2 Qb2# 0-1

[Event "SCO-ch"]
[Site "Edinburgh"]
[Date "2009.07.18"]
[Round "8"]
[White "Hookham, James"]
[Black "Lyell, Mark"]
[Result "0-1"]
[WhiteElo "1997"]
[BlackElo "2288"]
[PlyCount "38"]
[EventDate "2009.07.11"]
[EventType "swiss"]
[EventRounds "9"]
[EventCountry "SCO"]
[SourceTitle "CBM 131 Extra"]
[Source "ChessBase"]
[SourceDate "2009.09.03"]
[SourceVersion "2"]
[SourceVersionDate "2009.09.16"]
[SourceQuality "1"]

1. e4 e5 2. Nf3 Nc6 3. c3 f5 4. d4 fxe4 5. Nxe5 Qf6 6. Nxc6 bxc6 7. Be2 d5 8.
Be3 Bd6 9. Nd2 Nh6 10. g4 Bf4 11. Nf1 O-O 12. h3 Rb8 13. Rb1 Bxe3 14. fxe3 Qh4+
15. Kd2 Rf2 16. Qe1 Ba6 17. Rh2 Rbf8 18. g5 Bxe2 19. gxh6 Bd3+ 0-1